| 000 | 005070000a22001810004500 | ||
|---|---|---|---|
| 003 | LK-CoMWRAF | ||
| 008 | 230817t ||||| |||| 00| 0 eng d | ||
| 040 |
_aLK-CoMWRAF _dLK-CoMWRAF _eLK-CoMWRAF |
||
| 041 | _aeng | ||
| 082 |
_a300 _bARU |
||
| 100 | _aArunachalam, Prema | ||
| 245 |
_aPathinith Deivangalum Paraththatar Veedhigalum _bTholkapiyar muthal Siththar varai penkalin chiththareppu |
||
| 250 | _a2nd.ed | ||
| 260 |
_aChennai _bSAB _c1994 |
||
| 300 | _ap.269 | ||
| 650 | _aliterature | ||
| 942 | _cBK | ||
| 999 |
_c2706 _d2706 |
||